| 000 | 00806cam a2200241 4500 | ||
|---|---|---|---|
| 001 | 1240 | ||
| 005 | 20230411085949.0 | ||
| 008 | 060907n1985 dr spa | ||
| 035 | _a(OCoLC)ocm21344051 | ||
| 040 |
_aFQG _cFQG _dOCLCQ _dOCLCG |
||
| 035 | _a(OCoLC)21344051 | ||
| 043 | _anwdr--- | ||
| 082 | 4 | _a079.8 | |
| 090 |
_aF1938.58.B67 _bA252 1985 |
||
| 049 | _aGRAL | ||
| 100 | 1 |
_aBosch, Juan, _d1909-2001. |
|
| 245 | 1 | 0 |
_aConferencia sobre periodismo y literatura / _cJuan Bosch. |
| 250 | _a1a ed. | ||
| 260 |
_aSanto Domingo, R.D. : _bEditora Alfa y Omega, _c1985. |
||
| 300 |
_a17 p. ; _c21 cm. |
||
| 500 | _a"La conferencia sobre Periodismo y Literatura... fue pronunciada en uno de los salones de la Biblioteca Nacional el 30 de Agosto de este aƤno [1984]"-- P. [5] | ||
| 942 |
_2lcc _cbk |
||
| 999 |
_c110101 _d110101 |
||